Statistics for Periodic Table Elements Beginning With T

Click here to take the quiz!

General Stats

  • This quiz has been taken 140 times
  • The average score is 9 of 11

Answer Stats

Element% Correct
Titanium
87%
Tin
86%
Tungsten
86%
Tantalum
85%
Thallium
84%
Thorium
83%
Thulium
82%
Tellurium
76%
Technetium
71%
Terbium
70%
Tennessine
68%

Score Distribution

Percentile by Number Answered

Percent of People with Each Score

Your Score History

You have not taken this quiz